000 00905nam a2200289 a 4500
001 17199
003 BD-RjUL
005 20211209000114.0
008 140216s1969 enk b 001 0 eng d
035 _a0192112791
035 _a(OCoLC)753251183
_a(BD-RjUL) 17256
040 _aDLC
_cDLC
_dm.c
_dBD-RjUL
_beng
041 _aeng
082 _a821.9109
_bPRM 1969
100 1 _aPress, John.
_953040
245 1 2 _aA map of modern English verse /
_cJohn Press.
260 _aLondon :
_bOxford University Press,
_c1969.
300 _axii, 282 p. :
_c22 cm.
504 _aIncludes bibliographies and index.
650 0 _aEnglish poetry
_y20th century
_xHistory and criticism.
_953041
650 0 _aAmerican poetry
_y20th century
_xHistory and criticism.
_951744
650 0 _aEnglish poetry.
_953042
650 0 _aAmerican poetry.
_953043
942 _2ddc
_cBK
999 _c17199
_d17199